[Event "Dresden op 07th"]
[Site "Dresden"]
[Date "1998.08.23"]
[Round "8"]
[White "Kaminski, Uwe"]
[Black "Montavon, Gerard"]
[Result "1-0"]
[WhiteElo "2365"]
[BlackElo "2090"]
[PlyCount "189"]
[EventDate "1998.08.??"]
[EventType "swiss"]
[EventRounds "9"]
[EventCountry "GER"]
[SourceTitle "EXT 1999"]
[Source "ChessBase"]
[SourceDate "1998.11.16"]
[SourceVersion "1"]
[SourceVersionDate "1998.11.16"]
[SourceQuality "1"]

1. e4 e5 2. Nf3 Nc6 3. Bb5 a6 4. Ba4 Nf6 5. 0-0 b5 6. Bb3 Be7 7. Re1 0-0 8. d3 d6 9. c3 Bb7 10. Nbd2 d5 11. exd5 Nxd5 12. Ne4 h6 13. Ng3 Bf6 14. Nh5 Nb6 15. Nd2 Bg5 16. Ne4 Bxc1 17. Rxc1 Kh7 18. Qg4 g6 19. Bxf7 Rxf7 20. Qe6 Qe7 21. Nhf6+ Kg7 22. Qxe7 Rxe7 23. Ng4 Nd7 24. Ne3 Nd8 25. Ng3 Kf7 26. Rcd1 c5 27. Rd2 h5 28. Red1 Ne6 29. Ne4 Nf6 30. f3 Rd8 31. Nf2 Nd5 32. Nf1 g5 33. Re1 Kf6 34. Rde2 Ndf4 35. Rxe5 Nxd3 36. Nxd3 Rxd3 37. h4 gxh4 38. Rxh5 Bd5 39. Rxh4 Bxa2 40. Ra1 Bc4 41. Ng3 Ra7 42. Ne4+ Kg7 43. Kf2 Bd5 44. Rg4+ Kf8 45. Rh1 Bxe4 46. Rh8+ Ke7 47. Rxe4 Kd6 48. Rh6 Re7 49. f4 Kd7 50. g4 c4 51. f5 Nc5 52. Rxe7+ Kxe7 53. Rc6 Ne4+ 54. Ke2 Rd6 55. Rc7+ Kf6 56. Ke3 Ng5 57. Ra7 Rd3+ 58. Ke2 Rd6 59. Ke3 Nh3 60. Ke4 Nf2+ 61. Kf4 Nd3+ 62. Ke4 Nxb2 63. g5+ Kxg5 64. Ke5 Rb6 65. Rg7+ Kh6 66. f6 Nd3+ 67. Kf5 Nc5 68. Rg6+ Kh7 69. Rg7+ Kh8 70. Kg6 Ne6 71. Rh7+ Kg8 72. f7+ Kf8 73. Rh8+ Ke7 74. Re8+ Kd7 75. Kf5 Ng7+ 76. Kg4 Nxe8 77. f8Q Nd6 78. Qf2 Kc6 79. Qf3+ Kc7 80. Qd5 Rc6 81. Kf4 Kb6 82. Qd4+ Kb7 83. Qd5 a5 84. Ke3 Kb6 85. Qd4+ Ka6 86. Qd5 Rc7 87. Qxd6+ Kb7 88. Kd4 b4 89. cxb4 axb4 90. Qxb4+ Kc8 91. Kc3 Kd7 92. Qf8 Rc8 93. Qf5+ Kd8 94. Qd5+ Ke8 95. Qd6 1-0

[Event "Dresden op 07th"]
[Site "Dresden"]
[Date "1998.08.21"]
[Round "6"]
[White "Kaminski, Uwe"]
[Black "Bannink, Bernard"]
[Result "1-0"]
[WhiteElo "2365"]
[BlackElo "2220"]
[PlyCount "101"]
[EventDate "1998.08.??"]
[EventType "swiss"]
[EventRounds "9"]
[EventCountry "GER"]
[SourceTitle "EXT 1999"]
[Source "ChessBase"]
[SourceDate "1998.11.16"]
[SourceVersion "1"]
[SourceVersionDate "1998.11.16"]
[SourceQuality "1"]

1. e4 c5 2. Nf3 e6 3. Nc3 Nc6 4. d4 cxd4 5. Nxd4 Nf6 6. Ndb5 d6 7. Bf4 e5 8. Bg5 a6 9. Na3 b5 10. Bxf6 gxf6 11. Nd5 f5 12. c3 Be6 13. exf5 Bxf5 14. Nc2 Bg7 15. Nce3 Bg6 16. h4 h6 17. h5 Bh7 18. g4 0-0 19. Bg2 Rc8 20. a4 e4 21. Nf5 Bxf5 22. gxf5 Qg5 23. Kf1 Rfe8 24. axb5 axb5 25. f6 e3 26. fxe3 Bxf6 27. Bh3 Kh8 28. Qf3 Bg7 29. Bxc8 Rxc8 30. Rg1 Qe5 31. Ra6 b4 32. Qg4 f5 33. Qg3 bxc3 34. bxc3 Qxg3 35. Rxg3 Ne5 36. Rxd6 Ng4 37. Ne7 Rc5 38. Ke2 Nf6 39. Rf3 Ne4 40. Rd8+ Kh7 41. Rd7 Ra5 42. Nxf5 Rxf5 43. Rxf5 Ng3+ 44. Kd3 Nxf5 45. c4 Kg8 46. c5 Kf8 47. c6 Ke8 48. Rd5 Ne7 49. c7 Nxd5 50. c8Q+ Kf7 51. Qc4 1-0

[Event "BL2-Ost 9798"]
[Site "Germany"]
[Date "1998.??.??"]
[Round "5.4"]
[White "Kaminski, Uwe"]
[Black "Manakov, Marina"]
[Result "1/2-1/2"]
[WhiteElo "2370"]
[BlackElo "2305"]
[PlyCount "99"]
[EventDate "1997.10.??"]
[EventType "team-tourn"]
[EventRounds "9"]
[EventCountry "GER"]
[SourceTitle "EXT 1999"]
[Source "ChessBase"]
[SourceDate "1998.11.16"]
[SourceVersion "1"]
[SourceVersionDate "1998.11.16"]
[SourceQuality "1"]
[WhiteTeam "Hof"]
[BlackTeam "Marktheidenfeld"]
[WhiteTeamCountry "GER"]
[BlackTeamCountry "GER"]

1. e4 d5 2. exd5 Qxd5 3. Nc3 Qa5 4. d4 Nf6 5. Nf3 Bf5 6. Bc4 e6 7. 0-0 Bb4 8. Ne2 c6 9. Ng3 Bg4 10. h3 Bxf3 11. Qxf3 Nbd7 12. Bf4 g5 13. Be5 Be7 14. Nh5 Nxe5 15. Nxf6+ Bxf6 16. Qxf6 Ng6 17. Rfe1 Qd8 18. Qf3 0-0 19. Rad1 Kg7 20. g3 Qf6 21. Qb3 b5 22. Bd3 Rfd8 23. c3 a5 24. Be4 Rac8 25. a3 Rd6 26. Kg2 Rcd8 27. Qc2 a4 28. Rd3 R8d7 29. Qe2 Qd8 30. Bxg6 hxg6 31. Re3 Rd5 32. Re5 Qf6 33. Qe4 Rxe5 34. Qxe5 Qxe5 35. Rxe5 Rd6 36. Rxg5 f5 37. h4 Kf6 38. f4 c5 39. dxc5 Rd2+ 40. Kh3 Rxb2 41. h5 gxh5 42. Rg8 Rc2 43. Rb8 Rxc3 44. Rxb5 Rxa3 45. Ra5 Ke7 46. Ra7+ Kd8 47. Kh4 Kc8 48. c6 Kb8 49. Rb7+ Kc8 50. Ra7 1/2-1/2

[Event "BL2-Ost 9798"]
[Site "Germany"]
[Date "1997.??.??"]
[Round "3.3"]
[White "Kaminski, Uwe"]
[Black "Proehl, Holger"]
[Result "1/2-1/2"]
[WhiteElo "2370"]
[BlackElo "2405"]
[PlyCount "29"]
[EventDate "1997.10.??"]
[EventType "team-tourn"]
[EventRounds "9"]
[EventCountry "GER"]
[SourceTitle "EXT 1999"]
[Source "ChessBase"]
[SourceDate "1998.11.16"]
[SourceVersion "1"]
[SourceVersionDate "1998.11.16"]
[SourceQuality "1"]
[WhiteTeam "Hof"]
[BlackTeam "Magdeburg"]
[WhiteTeamCountry "GER"]
[BlackTeamCountry "GER"]

1. e4 e6 2. d4 d5 3. Nc3 dxe4 4. Nxe4 Nd7 5. Nf3 Ngf6 6. Bd3 Nxe4 7. Bxe4 Nf6 8. Bd3 c5 9. Be3 Qc7 10. c3 Be7 11. dxc5 Bxc5 12. Qe2 Bxe3 13. Qxe3 0-0 14. 0-0 b6 15. Qe5 1/2-1/2

[Event "BL2-Ost 9697"]
[Site "Germany"]
[Date "1996.??.??"]
[Round "?.3"]
[White "Kaminski, Uwe"]
[Black "Dietz, Holger"]
[Result "0-1"]
[WhiteElo "2390"]
[BlackElo "2285"]
[PlyCount "68"]
[EventDate "1996.10.??"]
[EventType "team-tourn"]
[EventRounds "9"]
[EventCountry "GER"]
[SourceTitle "GER-chT2"]
[Source "ChessBase"]
[SourceDate "1999.07.01"]
[SourceVersion "1"]
[SourceVersionDate "1999.07.01"]
[SourceQuality "1"]
[WhiteTeam "Hof"]
[BlackTeam "Wuerzburg"]
[WhiteTeamCountry "GER"]
[BlackTeamCountry "GER"]

1. e4 c6 2. d4 d5 3. Nd2 dxe4 4. Nxe4 Nd7 5. Nf3 Ngf6 6. Nxf6+ Nxf6 7. c3 e6 8. Bd3 Be7 9. 0-0 0-0 10. Qe2 b6 11. Bg5 Bb7 12. Rad1 Qc7 13. Ne5 Rad8 14. Bc2 c5 15. dxc5 bxc5 16. Bf4 Qc8 17. Bb3 Bd5 18. Bxd5 exd5 19. Bg5 h6 20. Bh4 Qe6 21. Rfe1 Rfe8 22. Qb5 Ne4 23. Bxe7 Qxe7 24. Nf3 Qc7 25. Rxd5 Re6 26. Rxd8+ Qxd8 27. Qc4 Nd2 28. Nxd2 Rxe1+ 29. Nf1 Qe7 30. b4 cxb4 31. cxb4 Qe2 32. Qc8+ Qe8 33. Qc4 Qe6 34. Qc2 Qa6 0-1

[Event "Dresden op 05th"]
[Site "Dresden"]
[Date "1996.??.??"]
[Round "3"]
[White "Kaminski, Uwe"]
[Black "Kveinys, Aloyzas"]
[Result "1/2-1/2"]
[WhiteElo "2390"]
[BlackElo "2530"]
[PlyCount "97"]
[EventDate "1996.07.??"]
[EventType "swiss"]
[EventRounds "9"]
[EventCountry "GER"]
[SourceTitle "CBM 053 Extra"]
[Source "ChessBase"]
[SourceDate "1996.09.01"]
[SourceVersion "1"]
[SourceVersionDate "1996.09.01"]
[SourceQuality "1"]

1. e4 c5 2. Nf3 e6 3. d4 cxd4 4. Nxd4 a6 5. Nc3 b5 6. Bd3 Qb6 7. Nb3 Qc7 8. Be3 Bb7 9. 0-0 d6 10. a3 Nd7 11. f4 Ngf6 12. Qe2 Be7 13. Rae1 0-0 14. Kh1 Rfe8 15. Nd4 Bf8 16. Bd2 Rad8 17. Nf3 e5 18. fxe5 dxe5 19. Nh4 g6 20. Bg5 Bg7 21. Qe3 h6 22. Bxf6 Nxf6 23. Nf3 Nh5 24. Ng1 Nf4 25. Nge2 Nxd3 26. cxd3 Rd6 27. Nc1 Qd7 28. Rf3 f5 29. Nb3 f4 30. Qe2 Rc8 31. Rd1 Qe6 32. Na5 Ba8 33. Rff1 Bf6 34. Rc1 Rcd8 35. Rfd1 h5 36. h3 Rf8 37. Rf1 Bd8 38. b4 Bb6 39. a4 Rfd8 40. axb5 Rxd3 41. Nc6 Bxc6 42. bxc6 Rd2 43. Qe1 R8d3 44. Rf3 Qxc6 45. Rxd3 Rxd3 46. Nd5 Qe6 47. Qf1 Be3 48. Ra1 Bd4 49. Qxd3 1/2-1/2

[Event "Dresden op 05th"]
[Site "Dresden"]
[Date "1996.??.??"]
[Round "7"]
[White "Kaminski, Uwe"]
[Black "Rogozenco, Dorian"]
[Result "1/2-1/2"]
[WhiteElo "2390"]
[BlackElo "2525"]
[PlyCount "153"]
[EventDate "1996.07.??"]
[EventType "swiss"]
[EventRounds "9"]
[EventCountry "GER"]
[SourceTitle "CBM 053 Extra"]
[Source "ChessBase"]
[SourceDate "1996.09.01"]
[SourceVersion "1"]
[SourceVersionDate "1996.09.01"]
[SourceQuality "1"]

1. e4 c5 2. Nf3 e6 3. b3 d6 4. Bb2 Nf6 5. d3 Be7 6. g3 0-0 7. Bg2 Nc6 8. 0-0 Rb8 9. Nbd2 Nd7 10. Nc4 b5 11. Ne3 a6 12. Qd2 Qa5 13. Bc3 Qc7 14. Rae1 Bf6 15. Bxf6 Nxf6 16. Nh4 b4 17. f4 Bb7 18. g4 Nd4 19. g5 Nd7 20. Nf3 Rbc8 21. Rf2 Nb5 22. f5 exf5 23. Nxf5 Ne5 24. Nxe5 dxe5 25. Ref1 Rcd8 26. Qe3 Bc8 27. Qg3 Bxf5 28. exf5 f6 29. gxf6 Rxf6 30. Re1 Re8 31. Bd5+ Kh8 32. Be6 g6 33. Ref1 Nd4 34. Rg2 Ref8 35. Rff2 Qd6 36. h3 Nxf5 37. Bxf5 Rxf5 38. Rxf5 Rxf5 39. Re2 Qd4+ 40. Kg2 Qf4 41. Qxf4 exf4 42. Kf3 h6 43. Re6 Kg7 44. Rxa6 g5 45. a4 bxa3 46. Rxa3 h5 47. Ra4 Rf7 48. Re4 Kg6 49. d4 cxd4 50. Rxd4 Re7 51. Rd6+ Kf5 52. Rd5+ Kf6 53. Rd6+ Ke5 54. Rd2 Rg7 55. c4 g4+ 56. hxg4 hxg4+ 57. Kg2 Ke4 58. c5 Ke3 59. Rc2 Rf7 60. Rc1 Kd2 61. Rf1 Ke2 62. Rf2+ Ke3 63. b4 g3 64. Rf3+ Ke4 65. Rf1 Ra7 66. Re1+ Kf5 67. c6 Kg4 68. Rc1 f3+ 69. Kg1 Rh7 70. Rc4+ Kf5 71. Rc5+ Ke4 72. Rc4+ Ke3 73. Rc3+ Ke2 74. Rc2+ Kd3 75. c7 f2+ 76. Kg2 Rf7 77. Rc1 1/2-1/2

[Event "Dresden op 05th"]
[Site "Dresden"]
[Date "1996.??.??"]
[Round "8"]
[White "Kengis, Edvins"]
[Black "Kaminski, Uwe"]
[Result "1-0"]
[WhiteElo "2560"]
[BlackElo "2390"]
[PlyCount "76"]
[EventDate "1996.07.??"]
[EventType "swiss"]
[EventRounds "9"]
[EventCountry "GER"]
[SourceTitle "CBM 053 Extra"]
[Source "ChessBase"]
[SourceDate "1996.09.01"]
[SourceVersion "1"]
[SourceVersionDate "1996.09.01"]
[SourceQuality "1"]

1. Nf3 Nf6 2. g3 g6 3. Bg2 Bg7 4. d4 0-0 5. 0-0 d5 6. c4 c6 7. b3 Bf5 8. Bb2 Nbd7 9. Nbd2 Ne4 10. Nh4 Nxd2 11. Qxd2 Be6 12. e4 dxe4 13. Bxe4 Bh3 14. Bg2 Bxg2 15. Nxg2 a5 16. Rad1 Qb6 17. Rfe1 Rfe8 18. d5 Nf6 19. Bd4 c5 20. Bc3 a4 21. Qb2 axb3 22. axb3 Nh5 23. Bxg7 Nxg7 24. d6 exd6 25. Ne3 Qb4 26. Rf1 Qa3 27. Qc3 Ne6 28. Ng4 Nd4 29. Rxd4 cxd4 30. Qxd4 Re5 31. Nxe5 dxe5 32. Qb6 Qe7 33. Rd1 Ra3 34. Rd5 Qg5 35. Rd8+ Kg7 36. Qd6 Ra1+ 37. Kg2 Kh6 38. Qf8+ Kh5 1-0

[Event "Bundesliga 9495"]
[Site "Germany"]
[Date "1995.??.??"]
[Round "?.6"]
[White "Dinstuhl, Volkmar"]
[Black "Kaminski, Uwe"]
[Result "1-0"]
[WhiteElo "2350"]
[BlackElo "2390"]
[PlyCount "91"]
[EventDate "1994.10.08"]
[EventType "team-tourn"]
[EventRounds "15"]
[EventCountry "GER"]
[SourceTitle "GER-chT"]
[Source "ChessBase"]
[SourceDate "1999.07.01"]
[SourceVersion "1"]
[SourceVersionDate "1999.07.01"]
[SourceQuality "1"]
[WhiteTeam "Castrop Rauxel"]
[BlackTeam "Dresden"]
[WhiteTeamCountry "GER"]
[BlackTeamCountry "GER"]

1. d4 Nf6 2. c4 g6 3. Nc3 Bg7 4. e4 d6 5. f3 0-0 6. Bg5 Nbd7 7. Qd2 a6 8. Nge2 Rb8 9. Bh6 b5 10. h4 e5 11. Bxg7 Kxg7 12. h5 Qe7 13. hxg6 fxg6 14. 0-0-0 c6 15. Ng3 Ng8 16. Kb1 Nb6 17. cxb5 axb5 18. Rc1 b4 19. Nd1 c5 20. dxc5 dxc5 21. Qc2 Qg5 22. Qf2 Rf7 23. Rxc5 b3 24. a3 Rd7 25. Ne3 Na4 26. Rd5 Ne7 27. Rxd7 Bxd7 28. Bc4 Nb6 29. Bxb3 Nc6 30. Rc1 Nd4 31. Bd1 Ba4 32. Ne2 Qd8 33. Nc3 Bxd1 34. Rxd1 Qe8 35. Qh4 Rb7 36. Ng4 Nd7 37. Qh6+ Kh8 38. Rh1 Qf7 39. Nd5 Nc6 40. Rc1 Na7 41. Qg5 h5 42. Nxe5 Nxe5 43. Qxe5+ Kh7 44. Nf6+ Kh6 45. g4 Rb5 46. g5+ 1-0

[Event "Bundesliga 9495"]
[Site "Germany"]
[Date "1995.??.??"]
[Round "?.6"]
[White "Kaminski, Uwe"]
[Black "Luecke, Norbert"]
[Result "1/2-1/2"]
[WhiteElo "2390"]
[BlackElo "2400"]
[PlyCount "30"]
[EventDate "1994.10.08"]
[EventType "team-tourn"]
[EventRounds "15"]
[EventCountry "GER"]
[SourceTitle "GER-chT"]
[Source "ChessBase"]
[SourceDate "1999.07.01"]
[SourceVersion "1"]
[SourceVersionDate "1999.07.01"]
[SourceQuality "1"]
[WhiteTeam "Dresden"]
[BlackTeam "Bochum"]
[WhiteTeamCountry "GER"]
[BlackTeamCountry "GER"]

1. e4 c5 2. Nf3 Nc6 3. d4 cxd4 4. Nxd4 Nf6 5. Nc3 e5 6. Ndb5 d6 7. Bg5 a6 8. Na3 Be6 9. Nc4 Rc8 10. Bxf6 gxf6 11. Ne3 Bh6 12. Bd3 Bxe3 13. fxe3 Qb6 14. Qd2 Ne7 15. 0-0 Qxb2 1/2-1/2

[Event "Bundesliga 9495"]
[Site "Germany"]
[Date "1995.??.??"]
[Round "?.6"]
[White "Kaminski, Uwe"]
[Black "Troyke, Christian"]
[Result "1/2-1/2"]
[WhiteElo "2390"]
[BlackElo "2355"]
[PlyCount "45"]
[EventDate "1994.10.08"]
[EventType "team-tourn"]
[EventRounds "15"]
[EventCountry "GER"]
[SourceTitle "GER-chT"]
[Source "ChessBase"]
[SourceDate "1999.07.01"]
[SourceVersion "1"]
[SourceVersionDate "1999.07.01"]
[SourceQuality "1"]
[WhiteTeam "Dresden"]
[BlackTeam "Erfurt"]
[WhiteTeamCountry "GER"]
[BlackTeamCountry "GER"]

1. e4 c5 2. Nf3 Nc6 3. d4 cxd4 4. Nxd4 g6 5. c4 Bg7 6. Be3 Nf6 7. Nc3 0-0 8. Be2 d6 9. 0-0 Bd7 10. Qd2 Nxd4 11. Bxd4 Bc6 12. Rfe1 e5 13. Be3 Nxe4 14. Nxe4 Bxe4 15. Rad1 Re8 16. Qxd6 Qa5 17. Qd2 Qxd2 18. Rxd2 Bf8 19. a3 a5 20. Red1 Bc6 21. Rb1 a4 22. Rbd1 Be7 23. Bb6 1/2-1/2

[Event "Bundesliga 9394"]
[Site "Germany"]
[Date "1994.04.16"]
[Round "12.7"]
[White "Herbrechtsmeier, Christof"]
[Black "Kaminski, Uwe"]
[Result "1/2-1/2"]
[WhiteElo "2320"]
[BlackElo "2390"]
[PlyCount "182"]
[EventDate "1993.11.06"]
[EventType "team-tourn"]
[EventRounds "15"]
[EventCountry "GER"]
[SourceTitle "GER-chT"]
[Source "ChessBase"]
[SourceDate "1999.07.01"]
[SourceVersion "1"]
[SourceVersionDate "1999.07.01"]
[SourceQuality "1"]
[WhiteTeam "Zaehringen"]
[BlackTeam "Dresden"]
[WhiteTeamCountry "GER"]
[BlackTeamCountry "GER"]

1. e4 c5 2. Nf3 d6 3. d4 cxd4 4. Nxd4 Nf6 5. Nc3 Nc6 6. Be3 e5 7. Nf3 h6 8. Bc4 Be7 9. h3 Be6 10. Bb3 0-0 11. 0-0 Na5 12. Qe2 Rc8 13. Rfd1 Nc4 14. Nd5 Bxd5 15. exd5 Nxe3 16. Qxe3 Qb6 17. Qxb6 axb6 18. Re1 Rc7 19. Rad1 Rd8 20. c3 g6 21. Nd2 Rdc8 22. Nf1 Nd7 23. Re4 Bd8 24. Rb4 Rc5 25. Ba4 Nf6 26. Ne3 Kg7 27. Bb5 Ra8 28. a3 Ra5 29. a4 Ra8 30. Kf1 Rac8 31. Ke2 R8c7 32. Rc4 Kf8 33. Rxc5 Rxc5 34. Bd3 Ke7 35. Ra1 Nh5 36. g3 f5 37. Rd1 Nf6 38. Bc2 e4 39. c4 Nd7 40. b3 Kf6 41. f3 exf3+ 42. Kxf3 Ne5+ 43. Kg2 Kg7 44. h4 Rc7 45. Rf1 h5 46. Kh3 Bf6 47. Ng2 Rc8 48. Nf4 Kf7 49. Rf2 Re8 50. Re2 Bg7 51. Kg2 Bh6 52. Ne6 Kf6 53. Nc7 Rg8 54. Nb5 Rd8 55. Nd4 Bc1 56. Re1 Bd2 57. Re2 Bc3 58. Nb5 Bb4 59. Nd4 Rd7 60. Bb1 Re7 61. Ne6 Nd7 62. Bc2 Nc5 63. Nd4 Re5 64. Kf3 Bc3 65. Nb5 Rxe2 66. Kxe2 Be5 67. Kf3 Ne4 68. Nc7 Nxg3 69. Na8 g5 70. hxg5+ Kxg5 71. Nxb6 h4 72. Kg2 Kf4 73. b4 Ke3 74. c5 f4 75. Bd1 dxc5 76. bxc5 Ne4 77. c6 Bc7 78. cxb7 f3+ 79. Bxf3 h3+ 80. Kxh3 Kxf3 81. Kh4 Kf4 82. a5 Nc5 83. Nc4 Na6 84. d6 Bd8+ 85. Kh5 Kf5 86. Nb6 Bxb6 87. axb6 Ke6 88. Kg6 Kxd6 89. Kf7 Kc6 90. Ke7 Kxb7 91. Kd7 Kxb6 1/2-1/2

[Event "Bundesliga 9495"]
[Site "Germany"]
[Date "1994.??.??"]
[Round "?.7"]
[White "Kaminski, Uwe"]
[Black "Bischoff, Klaus"]
[Result "0-1"]
[WhiteElo "2390"]
[BlackElo "2525"]
[PlyCount "62"]
[EventDate "1994.10.08"]
[EventType "team-tourn"]
[EventRounds "15"]
[EventCountry "GER"]
[SourceTitle "GER-chT"]
[Source "ChessBase"]
[SourceDate "1999.07.01"]
[SourceVersion "1"]
[SourceVersionDate "1999.07.01"]
[SourceQuality "1"]
[WhiteTeam "Dresden"]
[BlackTeam "Bayern Muenchen"]
[WhiteTeamCountry "GER"]
[BlackTeamCountry "GER"]

1. e4 c5 2. Nf3 e6 3. d4 cxd4 4. Nxd4 a6 5. Nc3 Qc7 6. g3 Nc6 7. Bg2 Nge7 8. Nb3 Ng6 9. 0-0 Be7 10. f4 0-0 11. h4 f6 12. h5 Nh8 13. Be3 Rb8 14. Qe2 Nf7 15. Rad1 b5 16. Bf3 Nd6 17. Kh2 Nc4 18. Bc1 Nd8 19. Rd4 Nb6 20. a3 Nf7 21. Rfd1 Bxa3 22. Nxb5 axb5 23. bxa3 Na4 24. R1d3 d6 25. Be3 e5 26. Rb4 Be6 27. Rd2 Rfc8 28. Qf2 Nc3 29. Nc1 Ra8 30. Ne2 Rxa3 31. Nxc3 Qxc3 0-1

[Event "Bundesliga 9495"]
[Site "Germany"]
[Date "1994.??.??"]
[Round "?.7"]
[White "Kaminski, Uwe"]
[Black "Himmel, Hansjoerg"]
[Result "1-0"]
[WhiteElo "2390"]
[BlackElo "2335"]
[PlyCount "95"]
[EventDate "1994.10.08"]
[EventType "team-tourn"]
[EventRounds "15"]
[EventCountry "GER"]
[SourceTitle "GER-chT"]
[Source "ChessBase"]
[SourceDate "1999.07.01"]
[SourceVersion "1"]
[SourceVersionDate "1999.07.01"]
[SourceQuality "1"]
[WhiteTeam "Dresden"]
[BlackTeam "Duisburg"]
[WhiteTeamCountry "GER"]
[BlackTeamCountry "GER"]

1. e4 c5 2. Nf3 e6 3. d4 cxd4 4. Nxd4 a6 5. Bd3 Nf6 6. 0-0 d6 7. c4 Be7 8. Qe2 0-0 9. Nc3 Nbd7 10. b3 Re8 11. Bb2 Bf8 12. Rad1 Qc7 13. Rfe1 g6 14. Nf3 Ne5 15. Bb1 Nh5 16. Qe3 Bd7 17. h3 Nxf3+ 18. Qxf3 Bc6 19. Ne2 Bg7 20. Nd4 e5 21. Nxc6 bxc6 22. c5 dxc5 23. Bd3 Nf4 24. Bc4 Ne6 25. Bxe6 Rxe6 26. Qc3 a5 27. Qxc5 a4 28. Re3 axb3 29. axb3 Rd8 30. Red3 Rxd3 31. Rxd3 Bf8 32. Qc2 Qa5 33. Kh2 Qb4 34. Rc3 c5 35. Bc1 f6 36. Be3 Kg7 37. Bxc5 Bxc5 38. Rxc5 Re7 39. Rc4 Qb6 40. b4 Ra7 41. g3 Rd7 42. Kg2 g5 43. Qc3 Qb7 44. Rc6 Kg6 45. Qc4 Kg7 46. b5 Rf7 47. b6 Qa8 48. Rc7 1-0

[Event "Bundesliga 9495"]
[Site "Germany"]
[Date "1994.??.??"]
[Round "?.7"]
[White "Reich, Thomas"]
[Black "Kaminski, Uwe"]
[Result "1/2-1/2"]
[WhiteElo "2390"]
[BlackElo "2390"]
[PlyCount "117"]
[EventDate "1994.10.08"]
[EventType "team-tourn"]
[EventRounds "15"]
[EventCountry "GER"]
[SourceTitle "GER-chT"]
[Source "ChessBase"]
[SourceDate "1999.07.01"]
[SourceVersion "1"]
[SourceVersionDate "1999.07.01"]
[SourceQuality "1"]
[WhiteTeam "Muenchen 36"]
[BlackTeam "Dresden"]
[WhiteTeamCountry "GER"]
[BlackTeamCountry "GER"]

1. e4 c5 2. c3 Nf6 3. e5 Nd5 4. d4 cxd4 5. Nf3 Nc6 6. Bc4 Nb6 7. Bb3 d5 8. exd6 Qxd6 9. 0-0 Be6 10. cxd4 Bxb3 11. Qxb3 e6 12. Nc3 Be7 13. Nb5 Qd8 14. Bf4 0-0 15. Bc7 Qd7 16. Bxb6 axb6 17. Rfd1 Rfd8 18. Nc3 Nb4 19. Ne5 Qe8 20. Nc4 b5 21. Ne3 Ra5 22. d5 exd5 23. Nexd5 Nxd5 24. Nxd5 Bf8 25. a3 b4 26. Nxb4 Re5 27. Nd3 Red5 28. Nf4 Rd2 29. Rxd2 Rxd2 30. Qc3 Qd7 31. g3 g6 32. Rc1 h5 33. h4 Bh6 34. Qc8+ Qxc8 35. Rxc8+ Kg7 36. b4 Bxf4 37. gxf4 Rd3 38. Rc7 Rxa3 39. Kg2 b6 40. Rc6 b5 41. Rb6 Rb3 42. Rxb5 Kf6 43. f3 Rb2+ 44. Kg3 Rc2 45. Rd5 Rb2 46. Rd6+ Kf5 47. Rb6 Rc2 48. Rb7 f6 49. Rb6 Rc4 50. Rb5+ Ke6 51. Rb7 Kf5 52. Rb6 Rc2 53. Rb5+ Ke6 54. Rc5 Rxc5 55. bxc5 f5 56. Kf2 Kd5 57. Ke3 Kxc5 58. Kd3 Kd5 59. Kc3 1/2-1/2

[Event "Bundesliga 9293"]
[Site "Germany"]
[Date "1993.??.??"]
[Round "?.4"]
[White "Hickl, Joerg"]
[Black "Kaminski, Uwe"]
[Result "1/2-1/2"]
[WhiteElo "2540"]
[BlackElo "2400"]
[PlyCount "92"]
[EventDate "1992.10.24"]
[EventType "team-tourn"]
[EventRounds "15"]
[EventCountry "GER"]
[SourceTitle "GER-chT"]
[Source "ChessBase"]
[SourceDate "1999.07.01"]
[SourceVersion "1"]
[SourceVersionDate "1999.07.01"]
[SourceQuality "1"]
[WhiteTeam "Koeln Porz"]
[BlackTeam "Dresden"]
[WhiteTeamCountry "GER"]
[BlackTeamCountry "GER"]

1. e4 c5 2. c3 Nf6 3. d3 g6 4. Nf3 Bg7 5. Nbd2 0-0 6. Be2 Nc6 7. 0-0 e5 8. a3 d6 9. b4 Nh5 10. g3 Bh3 11. Re1 h6 12. Nc4 b5 13. Ne3 Be6 14. Rb1 a6 15. Nd5 Nf6 16. Nxf6+ Qxf6 17. Be3 Qe7 18. d4 cxd4 19. cxd4 exd4 20. Nxd4 Nxd4 21. Bxd4 Be5 22. Be3 h5 23. Qd2 Rac8 24. Rbc1 Qb7 25. f4 Bg7 26. Bf3 Rxc1 27. Rxc1 Rc8 28. Rf1 Bg4 29. Bg2 Qd7 30. Bf2 h4 31. gxh4 Bh3 32. f5 Bxg2 33. Kxg2 Re8 34. Bg3 Rxe4 35. Qxd6 Qxd6 36. Bxd6 gxf5 37. Rxf5 Re3 38. Rg5 Kh7 39. Rg3 Rxg3+ 40. hxg3 Bb2 41. Bf4 Bxa3 42. Bd2 f5 43. Kf3 Kg6 44. g4 fxg4+ 45. Kxg4 Bb2 46. h5+ Kh7 1/2-1/2

[Event "Bundesliga 9293"]
[Site "Germany"]
[Date "1993.??.??"]
[Round "?.4"]
[White "Jackelen, Thomas"]
[Black "Kaminski, Uwe"]
[Result "1/2-1/2"]
[WhiteElo "2420"]
[BlackElo "2400"]
[PlyCount "72"]
[EventDate "1992.10.24"]
[EventType "team-tourn"]
[EventRounds "15"]
[EventCountry "GER"]
[SourceTitle "GER-chT"]
[Source "ChessBase"]
[SourceDate "1999.07.01"]
[SourceVersion "1"]
[SourceVersionDate "1999.07.01"]
[SourceQuality "1"]
[WhiteTeam "Bochum"]
[BlackTeam "Dresden"]
[WhiteTeamCountry "GER"]
[BlackTeamCountry "GER"]

1. Nf3 Nf6 2. c4 g6 3. Nc3 Bg7 4. e4 d6 5. d4 0-0 6. Be2 e5 7. 0-0 Nc6 8. Be3 Ng4 9. Bg5 f6 10. Bc1 f5 11. Bg5 Bf6 12. Bxf6 Nxf6 13. exf5 gxf5 14. dxe5 dxe5 15. Qxd8 Rxd8 16. Nd5 Ne8 17. Rad1 Be6 18. Rfe1 Kg7 19. Bf1 e4 20. Ng5 Bg8 21. f3 h6 22. Nh3 exf3 23. gxf3 Rd6 24. Nxc7 Rxd1 25. Rxd1 Nxc7 26. Rd7+ Kf6 27. Rxc7 Rd8 28. Rxb7 Rd2 29. Nf4 Nd4 30. Bg2 Bxc4 31. b3 Ba6 32. Rxa7 Rxa2 33. Nd5+ Kg5 34. Nb4 Ne2+ 35. Kf2 Rb2 36. Nxa6 Nf4+ 1/2-1/2

[Event "Bundesliga 9293"]
[Site "Germany"]
[Date "1993.??.??"]
[Round "?.4"]
[White "Kaminski, Uwe"]
[Black "Mueller, Karsten"]
[Result "1/2-1/2"]
[WhiteElo "2400"]
[BlackElo "2490"]
[PlyCount "81"]
[EventDate "1992.10.24"]
[EventType "team-tourn"]
[EventRounds "15"]
[EventCountry "GER"]
[SourceTitle "GER-chT"]
[Source "ChessBase"]
[SourceDate "1999.07.01"]
[SourceVersion "1"]
[SourceVersionDate "1999.07.01"]
[SourceQuality "1"]
[WhiteTeam "Dresden"]
[BlackTeam "Hamburger SK"]
[WhiteTeamCountry "GER"]
[BlackTeamCountry "GER"]

1. e4 d5 2. exd5 Qxd5 3. Nc3 Qa5 4. d4 Bf5 5. Nf3 Nf6 6. Bd2 c6 7. Bc4 e6 8. Bb3 Qc7 9. Qe2 Nbd7 10. h3 Bd6 11. 0-0-0 0-0-0 12. Rhe1 a6 13. Ne5 Bg6 14. Nc4 Bf4 15. Kb1 Bxd2 16. Rxd2 b5 17. Ne3 c5 18. dxc5 Nxc5 19. Red1 Qc6 20. Rxd8+ Rxd8 21. Rxd8+ Kxd8 22. f3 Kc8 23. Kc1 h5 24. a3 Nxb3+ 25. cxb3 Nd7 26. b4 Ne5 27. Ned5 Nd3+ 28. Qxd3 Bxd3 29. Ne7+ Kd7 30. Nxc6 Kxc6 31. h4 e5 32. Kd2 Bf5 33. Ke3 f6 34. g3 Kd6 35. a4 bxa4 36. Nxa4 Kd5 37. Nc5 Bc8 38. Na4 Bf5 39. Nc5 Bc8 40. Na4 Bf5 41. Nc5 1/2-1/2